Statistics for South American Countries by Population

Click here to take the quiz!

General Stats

  • This quiz has been taken 138 times
  • The average score is 11 of 12

Answer Stats

PopulationCountry% Correct
206.122.615Brazil
100%
41.281.631Argentina
99%
46.856.100Colombia
98%
28.221.500Peru
93%
31.028.637Venezuela
93%
16.803.000Chile
87%
14.881.200Ecuador
84%
6.238.400Paraguay
82%
9.694.200Bolivia
81%
3.350.500Uruguay
81%
736.100Guyana
79%
492.829Suriname
78%

Score Distribution

Percentile by Number Answered

Percent of People with Each Score

Your Score History

You have not taken this quiz